| 000 | 004650000a22001930004500 | ||
|---|---|---|---|
| 003 | LK-CoMWRAF | ||
| 005 | 20230824120237.0 | ||
| 008 | 230817t1994 ||||| |||| 00| 0 eng d | ||
| 020 | _a0140240659 | ||
| 040 |
_aLK-CoMWRAF _dLK-CoMWRAF _eLK-CoMWRAF |
||
| 041 | _aeng | ||
| 082 |
_a823 _bYAD |
||
| 100 | _aYadav, Rajendra | ||
| 245 | _aStrangers on the Roof | ||
| 260 |
_bPenguin _aNew Delhi _c1994 |
||
| 300 | _a223 p | ||
| 650 | _aEnglish Fiction | ||
| 942 | _cBK | ||
| 999 |
_c1140 _d1140 |
||